000 00773nam a2200241Ia 4500
003 OSt
005 20220925222709.0
006 a|||||r|||| 00| 0
007 ta
008 220923b |||||||| |||| 00| 0 eng d
020 _a9780745399881
_c1753.16
037 _b255, 11/03/2019, CLASSIC BOOKS SERVICES
_cGeneral Book
040 _aRTL
_cRTL
_beng
041 _2eng
_aeng
082 _aY15:4, Q7
100 _aBHATTACHARYA Tithi
_9147452
245 0 _aSocial reproduction theory
_b Remapping class, recenting opperession.
260 _aLondon
_bPluto Press
_c2017
300 _axii, 250p
_ccm.
650 _aSociology
942 _hY15:4, Q7
_cGB
_2CC
999 _c577614
_d577614